Programming Microsoft Access 2000

Αποθηκεύτηκε σε:
Λεπτομέρειες βιβλιογραφικής εγγραφής
Κύριος συγγραφέας: Dobson, Rick, 1944-
Μορφή: Βιβλίο
Γλώσσα:English
Δημοσίευση: Redmond, Washington : Microsoft, c1999
Θέματα:
Ετικέτες: Προσθήκη ετικέτας
Δεν υπάρχουν, Καταχωρήστε ετικέτα πρώτοι!

MARC

LEADER 00000cam a2200000 i 4500
001 1/95390
008 991206s1999 eng d
020 |a 0-7356-0500-9 
035 |l 10055298 
040 |a GR-MY-UA  |b gre  |e aacr 
041 0 |a eng 
082 0 |a 005.7565 
100 1 |a Dobson, Rick,   |d 1944- 
245 1 0 |a Programming Microsoft Access 2000 /  |c Rick Dobson 
260 |a Redmond, Washington :   |b Microsoft,   |c c1999 
300 |a xix, 587 p.  |e 1 computer laser optical disc (4 3/4 in.) 
504 |a Includes index 
630 0 0 |a Microsoft Access. 
650 0 0 |a Database management. 
852 |a INST  |b CHIOS  |e 19991206  |h 005.7565 DOB  |p 005200019354  |q 005200019354  |t BK  |y 0 
852 |a INST  |b CHIOS  |e 20010308  |h 005.7565 DOB  |p 005200021283  |q 005200021283  |t BK  |y 0 
852 |a INST  |b CHIOS  |e 19991208  |h 005.7565 DOB   |p 005200014067  |q 005200014067  |t BK  |y 0 
852 |a INST  |b CHIOS  |e 20010308  |h 005.7565 DOB   |p 005200021282  |q 005200021282  |t BK  |y 0 
901 |a BIBL2-1999-3 
901 |a BIBL2-2001-1 
909 |a Χ  |b 070818 
909 |a Χ  |b 070819 
909 |a Χ  |b 083194 
909 |a Χ  |b 083548 
922 |a 2ΕΛΗ  |b 199911  |c ΤΔΕ  |d ΠΑΠΑΣΩΤΗΡΙΟΥ 
950 |a 112-1999-11-03 
970 |a ΣΑΛΑΜΟΥΡΑ  |b ΜΑΡΙΑ  |z 1999/12/08